|
|
|
|
| LEADER |
00000nbm0a2200000 4500 |
| 001 |
134660 |
| 005 |
20231031135802.0 |
| 035 |
|
|
|a (RuTPU)RU\TPU\book\145965
|
| 090 |
|
|
|a 134660
|
| 100 |
|
|
|a 20080402d1969 k y0rusy50 ca
|
| 101 |
0 |
|
|a rus
|
| 102 |
|
|
|a RU
|
| 105 |
|
|
|a a m 001zy
|
| 200 |
1 |
|
|a Рост и развитие деревьев и кустарников, интродуцированных в Томске
|e Диссертация на соискание ученой степени кандидата биологических наук
|f В. А. Морякина
|g Томский государственный университет (ТГУ), Сибирский ботанический сад ; науч. рук. В. В. Ревердатто
|
| 210 |
|
|
|a Томск
|d 1969
|
| 215 |
|
|
|a 262 л.
|c ил.
|
| 320 |
|
|
|a Библиогр.: с. 243 - 262.
|
| 610 |
1 |
|
|a Томск
|
| 610 |
1 |
|
|a деревья
|
| 610 |
1 |
|
|a кустарники
|
| 610 |
1 |
|
|a интродукция
|
| 610 |
1 |
|
|a почва
|
| 610 |
1 |
|
|a растительность
|
| 610 |
1 |
|
|a климатические факторы
|
| 610 |
1 |
|
|a акклиматизация
|
| 610 |
1 |
|
|a вегетация
|
| 610 |
1 |
|
|a развитие
|
| 610 |
1 |
|
|a зимостойкость
|
| 610 |
1 |
|
|a рост
|
| 610 |
1 |
|
|a исследование
|
| 610 |
1 |
|
|a диссертации
|
| 610 |
1 |
|
|a методика
|
| 675 |
|
|
|a 631.9(04)
|v 3
|
| 675 |
|
|
|a 58(04)
|v 3
|
| 700 |
|
1 |
|a Морякина
|b В. А.
|
| 702 |
|
1 |
|a Ревердатто
|b В. В.
|4 727
|
| 712 |
0 |
2 |
|a Томский государственный университет (ТГУ)
|b Сибирский ботанический сад
|2 stltpush
|3 (RuTPU)RU\TPU\col\397
|
| 801 |
|
1 |
|a RU
|b 63413507
|c 20080402
|g PSBO
|
| 801 |
|
2 |
|a RU
|b 63413507
|c 20150902
|g RCR
|
| 942 |
|
|
|c BK
|